Arctic Monkeys Songs - Statistics

General Stats
  • This quiz has been taken 891 times
    890 since last reset
  • The average score is 8 of 15
Answer Stats
Hint Answer % Correct
If this feeling flows both ways Do I Wanna Know?
93%
I said he's a scumbag don't you know? When The Sun Goes Down
81%
But I crumble completely when you cry 505
80%
Your past times consisted of the strange Crying Lightning
68%
Already thick and you're getting thicker Teddy Picker
67%
Rubs her lips, around a Mexican coke Arabella
66%
Well see you later innovator Brianstorm
66%
Dancing to electro-pop like a robot from 1984 I Bet You Look Good on the Dancefloor
66%
Now it's getting dark and the sky looks sticky Black Treacle
48%
The only reason that you came, so what you scared for? Dancing Shoes
45%
From the bottom of your heart, the relegation zone One For The Road
45%
Cast the shadow of the snake Pretty Visitors
39%
You couldn't have done that on a Sunday, of course not! From The Ritz To The Rubble
34%
Sit next to me before I go Suck It and See
31%
Anticipation has the habit to set you up A View From The Afternoon
12%
No matching quizzes found
Score Distribution
Percent of People with Each Score
Percentile by Number Answered
Your Score History
You have not taken this quiz since the last reset